Statistiques concernant Pays où l'ambassade de France n'est pas dans la capitale

Cliquez ici pour prendre le quiz!

Statistiques générales

  • Ce quiz a été pris 30 fois
  • Le résultat moyen est 4 sur 18

Statistiques - réponses

Réponse% Correct
Côte d'Ivoire
56%
Pays-Bas
48%
Abidjan
32%
Birmanie
32%
Yamoussoukro
32%
Amsterdam
28%
Sri Lanka
24%
La Haye
20%
Tanzanie
20%
Colombo
16%
Dar es Salam
16%
Rangoun
16%
Dodoma
12%
Naypyidaw
12%
Bujumbura
8%
Burundi
8%
Gitega
8%
Sri Jayawardenapura Kotte
8%

Distribution des résultats

Percentile par nombre de réponses

% des personnes avec chaque résultat

Votre développement - résultats

Vous n’avez pas pris ce quiz